Symposium on Nitrogen : held at Cunningham Laboratory, Brisbane, February, 1960.

Saved in:
Bibliographic Details
Corporate Authors: Symposium on Nitrogen Cunningham Laboratory, Brisbane, Commonwealth Scientific and Industrial Research Organization, CSIRO
Format: Conference Proceeding Book
Language:English
Published: Brisbane : Commonwealth Scientific and Industrial Research Organization, 1960.
Subjects:
LEADER 01414cam a2200313 a 4500
001 c000286937
003 CARM
005 20080929083512.0
008 871014s1960 qea b f100 0 eng d
019 1 |a 4977863  |5 LACONCORD2021 
035 |a (OCoLC)219870454  |5 LACONCORD2021 
040 |a QSL  |b eng  |c QSL  |d VSL 
042 |a anuc 
082 0 4 |a 631.84 
111 2 |a Symposium on Nitrogen  |d (1960 :  |c Cunningham Laboratory, Brisbane) 
245 1 0 |a Symposium on Nitrogen :  |b held at Cunningham Laboratory, Brisbane, February, 1960. 
260 |a Brisbane :  |b Commonwealth Scientific and Industrial Research Organization,  |c 1960. 
300 |a 3 pt. ;  |c 26 cm. 
504 |a Includes bibliographies. 
521 |a For limited circulation. "It is requested that no paper be quoted without permission of the author" 
650 0 |a Nitrogen  |x Fixation  |v Congresses. 
650 0 |a Soils  |x Nitrogen content  |v Congresses. 
710 2 |a Commonwealth Scientific and Industrial Research Organization 
710 2 |a CSIRO 
852 8 |b CARM  |h A1:AR11D0  |i F05111  |p 0515002  |f BK 
852 8 |b CARM  |h A1:AR11D0  |i F05111  |p 0515003  |f BK 
999 f f |i ec5edce1-719d-5b48-a567-1b491594343a  |s 91df8cf4-4552-5e54-b502-6616732f990f 
952 f f |p Can circulate  |a CAVAL  |b CAVAL  |c CAVAL  |d CARM 1 Store  |e F05111  |f A1:AR11D0  |h Other scheme  |i book  |j pt.1  |m 0515002 
952 f f |p Can circulate  |a CAVAL  |b CAVAL  |c CAVAL  |d CARM 1 Store  |e F05111  |f A1:AR11D0  |h Other scheme  |i book  |j pt.2  |m 0515003